[Event "CYCC U10"]
[Site "Hamilton CAN"]
[Date "2022.07.09"]
[Round "3.7"]
[White "Chen, Tymon"]
[Black "Dunikov, David"]
[Result "0-1"]
[WhiteElo "647"]
[BlackElo "1337"]
[PlyCount "106"]
[EventDate "2022.07.08"]
[EventType "swiss"]
[EventRounds "7"]
[EventCountry "CAN"]

1. c4 f5 2. d4 Nf6 3. Nc3 g6 4. Nf3 Bg7 5. Bf4 O-O 6. e3 d6 7. Be2 Nbd7 8. O-O
Qe8 9. d5 Nc5 10. b4 Nce4 11. Nxe4 Nxe4 12. Nd2 Bxa1 13. Nxe4 fxe4 14. Qxa1 e5
15. Bh6 Rf7 16. f4 exf3 17. Bxf3 Bd7 18. c5 dxc5 19. bxc5 e4 20. Be2 Rxf1+ 21.
Bxf1 Qf7 22. d6 Be6 23. dxc7 Qxc7 24. Qf6 Qf7 25. Qe5 Re8 26. Qc3 Bxa2 27. Bb5
Rd8 28. h3 a6 29. Bf1 Rd1 30. Bf4 Qc4 31. Qb2 Rxf1+ 32. Kh2 Qb3 33. Qe5 Qe6 34.
Qb8+ Kf7 35. Qxb7+ Qe7 36. Qxa6 Rf2 37. Kg1 Rc2 38. Bd6 Qd7 39. Qf1+ Qf5 40.
Bf4 g5 41. Qd1 Rb2 42. Qh5+ Qg6 43. Qxg5 Qxg5 44. Bxg5 Rc2 45. Bf4 Rxc5 46. Kf2
Kg6 47. Kg3 Rc2 48. h4 Bc4 49. Kh3 Bf1 50. Kg4 Rxg2+ 51. Kh3 Rf2+ 52. Kg3 Rf3+
53. Kg4 Bh3# 0-1

[Event "CYCC U10"]
[Site "Hamilton CAN"]
[Date "2022.07.09"]
[Round "3.8"]
[White "Puri, Ryan"]
[Black "Zhan, Jayden"]
[Result "1-0"]
[WhiteElo "957"]
[BlackElo "982"]
[PlyCount "111"]
[EventDate "2022.07.08"]
[EventType "swiss"]
[EventRounds "7"]
[EventCountry "CAN"]

1. e4 e6 2. d4 d5 3. Nc3 dxe4 4. Nxe4 Nd7 5. Nf3 Ngf6 6. Nxf6+ Nxf6 7. c3 b6 8.
Bb5+ Nd7 9. Ne5 Qf6 10. Nxd7 Bxd7 11. Bxd7+ Kxd7 12. d5 Qe5+ 13. Be3 Bd6 14.
dxe6+ fxe6 15. Qd4 h6 16. O-O-O Ke7 17. Qxe5 Bxe5 18. Rhe1 Bd6 19. Bd4 h5 20.
Be5 Rh6 21. Bxd6+ cxd6 22. Rd3 g5 23. Red1 e5 24. Rg3 Rg8 25. Re1 Rf6 26. Re2
Ke6 27. Rd3 Rf5 28. Red2 Rd8 29. b4 b5 30. Rd5 a6 31. f3 Rf4 32. a4 bxa4 33.
Ra5 Rc4 34. Kb2 Rc6 35. Rxa4 d5 36. Kb3 Rdc8 37. Rd3 Kf5 38. Ra5 Ke6 39. Raxd5
Rxc3+ 40. Rxc3 Rxc3+ 41. Kxc3 Kxd5 42. Kd3 g4 43. fxg4 hxg4 44. h3 e4+ 45. Ke3
gxh3 46. gxh3 Kc4 47. h4 Kxb4 48. h5 a5 49. h6 a4 50. h7 a3 51. h8=Q Kb3 52.
Qa1 a2 53. Kxe4 Ka3 54. Kd3 Kb3 55. Qc3+ Ka4 56. Qb2 1-0

[Event "CYCC U10"]
[Site "Hamilton CAN"]
[Date "2022.07.09"]
[Round "3.9"]
[White "Gao, Heye"]
[Black "Guillemette, Thomas"]
[Result "1-0"]
[WhiteElo "1521"]
[BlackElo "800"]
[PlyCount "129"]
[EventDate "2022.07.08"]
[EventType "swiss"]
[EventRounds "7"]
[EventCountry "CAN"]

1. e4 c5 2. Nf3 d6 3. d4 cxd4 4. Nxd4 Nf6 5. Nc3 g6 6. Be3 Bg7 7. f3 O-O 8. Qd2
Nc6 9. O-O-O d5 10. Nxc6 bxc6 11. g4 Bd7 12. g5 Nh5 13. f4 e5 14. fxe5 Bxe5 15.
Be2 d4 16. Bxd4 Bxd4 17. Qxd4 Qxg5+ 18. Kb1 Rfd8 19. Rhg1 Qh6 20. Qe5 Ng7 21.
Qe7 Qxh2 22. Rgf1 f5 23. Rxd7 Rxd7 24. Qxd7 Re8 25. Bc4+ Kh8 26. Qxc6 f4 27.
Nd5 Qh4 28. a3 Rxe4 29. Nf6 Re1+ 30. Rxe1 Qxe1+ 31. Ka2 Nf5 32. Ng4 Ng7 33. Qd5
Qe8 34. Nf6 Qf8 35. Nd7 Qe8 36. Ne5 Nf5 37. Qe4 Kg7 38. Qxf4 Qb8 39. Nxg6 Qxf4
40. Nxf4 h6 41. Bd3 Nd4 42. Nh5+ Kf7 43. c3 Nc6 44. b4 Ne5 45. Bc2 Ke7 46. Kb3
Kd6 47. c4 Nf3 48. Bd3 Nd2+ 49. Kc3 Nf3 50. c5+ Kc7 51. c6 Ne5 52. b5 Kd6 53.
Be4 a6 54. a4 Kc7 55. Kd4 axb5 56. Kxe5 bxa4 57. Kd5 a3 58. Bb1 Kc8 59. Kd6 Kd8
60. c7+ Kc8 61. Bf5+ Kb7 62. c8=Q+ Kb6 63. Qb8+ Ka5 64. Kc5 Ka4 65. Qb4# 1-0

[Event "CYCC U10"]
[Site "Hamilton CAN"]
[Date "2022.07.09"]
[Round "3.10"]
[White "Yang, Nathan"]
[Black "Zhang, Andy"]
[Result "1-0"]
[WhiteElo "1169"]
[BlackElo "908"]
[PlyCount "87"]
[EventDate "2022.07.08"]
[EventType "swiss"]
[EventRounds "7"]
[EventCountry "CAN"]

1. d4 d5 2. Bf4 Nf6 3. e3 e6 4. Bd3 Bd6 5. Bxd6 cxd6 6. Nf3 Nc6 7. Nbd2 h6 8.
c3 e5 9. e4 Bg4 10. exd5 Nxd5 11. Qb1 Qe7 12. O-O Nf6 13. Re1 O-O-O 14. h3 Bd7
15. Nc4 e4 16. Bxe4 Nxe4 17. Qxe4 Qxe4 18. Nxd6+ Kc7 19. Nxe4 Rhe8 20. Nc5 Bf5
21. Kf1 b6 22. Nb3 g5 23. Rac1 Bg6 24. c4 Nb4 25. Rxe8 Rxe8 26. Ne5 Nd3 27.
Nxd3 Bxd3+ 28. Kg1 f5 29. c5 bxc5 30. Nxc5 Bb5 31. Ne4+ Bc6 32. Nf6 Rd8 33. d5
Kb6 34. dxc6 Rc8 35. c7 Rxc7 36. Rxc7 Kxc7 37. Ng8 h5 38. Nh6 f4 39. Nf7 g4 40.
hxg4 hxg4 41. Ne5 g3 42. fxg3 fxg3 43. Kf1 Kd6 44. Nc4+ 1-0

[Event "CYCC U10"]
[Site "Hamilton CAN"]
[Date "2022.07.09"]
[Round "3.11"]
[White "Garayev, Emil"]
[Black "Xing, Percy"]
[Result "0-1"]
[WhiteElo "911"]
[BlackElo "1161"]
[PlyCount "52"]
[EventDate "2022.07.08"]
[EventType "swiss"]
[EventRounds "7"]
[EventCountry "CAN"]

1. e4 e6 2. Nf3 d5 3. exd5 exd5 4. d4 Bg4 5. Nc3 Nf6 6. Bg5 Be7 7. Be2 h6 8.
Bxf6 Bxf6 9. h3 Bh5 10. Qd2 Nc6 11. Qf4 Bxf3 12. Bxf3 Nxd4 13. O-O Nxc2 14.
Rac1 Nd4 15. Nxd5 Qxd5 16. Bxd5 Ne2+ 17. Kh1 Nxf4 18. Bxb7 Rb8 19. Rxc7 O-O 20.
Kh2 Nd5 21. Bxd5 Be5+ 22. g3 Bxc7 23. Rc1 Bd6 24. Rc6 Rfd8 25. b3 Bxg3+ 26.
Kxg3 Rxd5 0-1

[Event "CYCC U10"]
[Site "Hamilton CAN"]
[Date "2022.07.09"]
[Round "3.12"]
[White "Yang, Jayden"]
[Black "Wang, William"]
[Result "1-0"]
[WhiteElo "1071"]
[BlackElo "895"]
[PlyCount "92"]
[EventDate "2022.07.08"]
[EventType "swiss"]
[EventRounds "7"]
[EventCountry "CAN"]

1. e4 e5 2. Nf3 Nc6 3. Nc3 a6 4. d4 exd4 5. Nxd4 Bc5 6. Be3 d6 7. Nxc6 bxc6 8.
Bxc5 dxc5 9. Qxd8+ Kxd8 10. O-O-O+ Ke7 11. Na4 c4 12. Bxc4 Nf6 13. f3 Rb8 14.
Nc3 Nd7 15. Rd2 Nb6 16. Bb3 Bd7 17. Rhd1 Rhd8 18. Ne2 c5 19. Nf4 c6 20. c3 a5
21. Rd6 a4 22. Bc2 Nc4 23. R6d3 Nxb2 24. R1d2 Nxd3+ 25. Nxd3 Be6 26. Bxa4 Bxa2
27. Bxc6 c4 28. Bd5 cxd3 29. Rxa2 Rd7 30. Kd2 Rc7 31. Kxd3 Rbc8 32. c4 f6 33.
g4 Rd8 34. f4 Kd6 35. Kd4 Re8 36. Ra6+ Kd7 37. Rb6 Re7 38. c5 Re8 39. e5 fxe5+
40. fxe5 Re7 41. e6+ Kd8 42. c6 h6 43. Ke5 Kc8 44. Rb7 Kd8 45. Kd6 g6 46. Rb8+
Rc8 1-0

[Event "CYCC U10"]
[Site "Hamilton CAN"]
[Date "2022.07.09"]
[Round "3.13"]
[White "Shaik, Muhammad Aman"]
[Black "Chen, Yuxuan"]
[Result "0-1"]
[WhiteElo "892"]
[BlackElo "1043"]
[PlyCount "114"]
[EventDate "2022.07.08"]
[EventType "swiss"]
[EventRounds "7"]
[EventCountry "CAN"]

1. d4 e5 2. e3 exd4 3. exd4 d5 4. Nf3 c5 5. c3 c4 6. Nbd2 Bf5 7. Be2 Nf6 8. O-O
Bd6 9. Re1 O-O 10. b3 b5 11. Nf1 h6 12. Ng3 Bh7 13. b4 Nbd7 14. a4 a6 15. Bf1
Nb6 16. a5 Na4 17. Ne5 Nxc3 18. Qf3 Nce4 19. Nxe4 Nxe4 20. Bf4 Qc7 21. Qg4 g5
22. f3 Nf6 23. Qg3 Nh5 24. Qg4 Nxf4 25. g3 f5 26. gxf4 fxg4 27. fxg4 Bxe5 28.
Rxe5 Qf7 29. f5 h5 30. h3 Rae8 31. Rae1 Rxe5 32. Rxe5 Re8 33. Bg2 Rxe5 34. dxe5
c3 35. e6 Qxe6 36. fxe6 Be4 37. gxh5 c2 38. e7 c1=Q+ 39. Kf2 Qf4+ 40. Kg1 Kf7
41. h6 Qg3 42. Kf1 Bxg2+ 43. Ke2 Kxe7 44. h7 Qxh3 45. Kf2 Qxh7 46. Kxg2 d4 47.
Kf2 Qe4 48. Kf1 d3 49. Kg1 d2 50. Kf2 d1=N+ 51. Kg3 Qf4+ 52. Kg2 g4 53. Kg1
Qf2+ 54. Kh1 Qf3+ 55. Kh2 g3+ 56. Kh3 Ne3 57. Kh4 Qg4# 0-1

[Event "CYCC U10"]
[Site "Hamilton CAN"]
[Date "2022.07.09"]
[Round "3.14"]
[White "Li, Jerry"]
[Black "Buitelaar, Jake"]
[Result "0-1"]
[WhiteElo "1008"]
[BlackElo "886"]
[PlyCount "70"]
[EventDate "2022.07.08"]
[EventType "swiss"]
[EventRounds "7"]
[EventCountry "CAN"]

1. e4 e5 2. Nf3 Nc6 3. Bc4 Nf6 4. d3 Bc5 5. c3 O-O 6. Bg5 h6 7. Bh4 d6 8. O-O
Bg4 9. Nbd2 Re8 10. Re1 Bh5 11. a4 Qd7 12. b4 Nxb4 13. cxb4 Bd4 14. Nxd4 Bxd1
15. Rexd1 exd4 16. Bxf6 gxf6 17. Nf3 c6 18. Nxd4 c5 19. Bb5 Qe7 20. Nf5 Qe5 21.
Nxh6+ Kh7 22. Ng4 Qe6 23. Bxe8 Qxg4 24. Bxf7 Kg7 25. Bd5 Rh8 26. bxc5 Qh4 27.
h3 Qg5 28. cxd6 f5 29. e5 f4 30. d4 Rxh3 31. Bxb7 f3 32. g3 Rxg3+ 33. fxg3
Qxg3+ 34. Kf1 Qg2+ 35. Ke1 Qe2# 0-1

[Event "CYCC U10"]
[Site "Hamilton CAN"]
[Date "2022.07.09"]
[Round "3.15"]
[White "Ye, Oliver"]
[Black "Chan, Bryan"]
[Result "1-0"]
[WhiteElo "999"]
[BlackElo "869"]
[PlyCount "120"]
[EventDate "2022.07.08"]
[EventType "swiss"]
[EventRounds "7"]
[EventCountry "CAN"]

1. e4 e5 2. Nf3 Nc6 3. Bc4 Bc5 4. Nc3 Nf6 5. O-O d6 6. h3 O-O 7. d3 h6 8. Be3
Bxe3 9. fxe3 Re8 10. Qd2 Be6 11. Bb3 Bxb3 12. axb3 a6 13. Nd5 Nxd5 14. exd5 Ne7
15. e4 c6 16. dxc6 Nxc6 17. Qf2 f6 18. c3 Rc8 19. b4 d5 20. exd5 Qxd5 21. Rad1
Qb3 22. Rd2 Red8 23. Rb1 Ne7 24. d4 Rxc3 25. bxc3 Qxb1+ 26. Kh2 exd4 27. Rxd4
Rxd4 28. Qxd4 Nc6 29. Qd5+ Kh7 30. Nd4 Nxd4 31. Qxd4 Qb2 32. Qd3+ Kg8 33. Qd8+
Kf7 34. Qd7+ Kg6 35. Qg4+ Kh7 36. Qe4+ Kg8 37. Qe8+ Kh7 38. Qe4+ Kh8 39. Qe8+
Kh7 40. Qe4+ g6 41. Qe7+ Kg8 42. Qd8+ Kh7 43. Qc7+ Kg8 44. Qb8+ Kh7 45. Qxb7+
Kg8 46. Qxa6 Qxc3 47. Qa8+ Kh7 48. Qb8 h5 49. b5 g5 50. b6 g4 51. Qc7+ Qxc7+
52. bxc7 gxh3 53. Kxh3 h4 54. c8=Q Kh6 55. Qg4 Kh7 56. Kxh4 Kh6 57. Kg3 Kh7 58.
Kf4 Kh6 59. Kf5 Kh7 60. Kxf6 Kh6 1-0

[Event "CYCC U10"]
[Site "Hamilton CAN"]
[Date "2022.07.09"]
[Round "3.16"]
[White "Lee, Daniel"]
[Black "Wu, Yihang"]
[Result "1/2-1/2"]
[WhiteElo "873"]
[BlackElo "987"]
[PlyCount "54"]
[EventDate "2022.07.08"]
[EventType "swiss"]
[EventRounds "7"]
[EventCountry "CAN"]

1. e4 c5 2. Nf3 d6 3. d4 cxd4 4. Nxd4 Nf6 5. Nc3 g6 6. Be3 Bg7 7. Qd2 Bd7 8.
Be2 Nc6 9. a3 Nxd4 10. Bxd4 Qc7 11. O-O O-O 12. Rfd1 Bc6 13. Bf3 Rad8 14. Bxa7
b6 15. e5 dxe5 16. Qe3 Bxf3 17. Bxb6 Rxd1+ 18. Nxd1 Qxc2 19. Qxf3 e4 20. Qc3
Qxc3 21. Nxc3 Nd7 22. Ba5 Nc5 23. Rb1 Nb3 24. Bb4 Re8 25. Nxe4 e6 26. f4 Rd8
27. Nd6 Bf8 1/2-1/2

[Event "CYCC U10"]
[Site "Hamilton CAN"]
[Date "2022.07.09"]
[Round "3.17"]
[White "Naiboglu, Onur"]
[Black "Chua, Zachary"]
[Result "1-0"]
[WhiteElo "985"]
[BlackElo "861"]
[PlyCount "74"]
[EventDate "2022.07.08"]
[EventType "swiss"]
[EventRounds "7"]
[EventCountry "CAN"]

1. e4 c5 2. Nf3 d6 3. d4 cxd4 4. Nxd4 Nf6 5. Nc3 Nc6 6. Bb5 Bd7 7. O-O g6 8.
Be3 Bg7 9. Bxc6 Bxc6 10. Nxc6 bxc6 11. f4 O-O 12. Qf3 Qc7 13. Bd4 c5 14. Bxf6
Bxf6 15. Nd5 Bd4+ 16. Kh1 Qd8 17. c3 e6 18. cxd4 exd5 19. exd5 cxd4 20. f5 Qg5
21. f6 Rae8 22. Rad1 Re3 23. Qf4 Qxf4 24. Rxf4 Rfe8 25. h3 R3e5 26. Rdxd4 Rf5
27. Rxf5 gxf5 28. Rb4 h6 29. Rb7 Kh7 30. Rxf7+ Kg6 31. Rd7 Kxf6 32. Rxd6+ Ke5
33. Rd7 a5 34. d6 Re6 35. Ra7 Rxd6 36. Rxa5+ Rd5 37. Rxd5+ Kxd5 1-0

[Event "CYCC U10"]
[Site "Hamilton CAN"]
[Date "2022.07.09"]
[Round "3.18"]
[White "Wang, Patrick"]
[Black "Moses, Niam"]
[Result "1-0"]
[WhiteElo "868"]
[BlackElo "946"]
[PlyCount "35"]
[EventDate "2022.07.08"]
[EventType "swiss"]
[EventRounds "7"]
[EventCountry "CAN"]

1. e4 e5 2. Nf3 Nc6 3. Bc4 Nf6 4. d3 Bc5 5. Bg5 d6 6. h3 h6 7. Bh4 O-O 8. Nc3
Bb4 9. O-O Bxc3 10. bxc3 Na5 11. Bb3 c6 12. d4 g5 13. dxe5 Nxe4 14. Qd3 Nc5 15.
Qg6+ Kh8 16. Qxh6+ Kg8 17. Nxg5 Bf5 18. Nh7 1-0

[Event "CYCC U10"]
[Site "Hamilton CAN"]
[Date "2022.07.09"]
[Round "3.19"]
[White "Grosman, Noah"]
[Black "Shen, Denis"]
[Result "0-1"]
[WhiteElo "944"]
[BlackElo "798"]
[PlyCount "82"]
[EventDate "2022.07.08"]
[EventType "swiss"]
[EventRounds "7"]
[EventCountry "CAN"]

1. e4 e5 2. Nf3 Nc6 3. Bc4 h6 4. O-O Nf6 5. d4 exd4 6. Nxd4 Bc5 7. c3 O-O 8.
Re1 Re8 9. Nxc6 bxc6 10. e5 d5 11. Bb3 Ne4 12. Be3 Bxe3 13. Rxe3 Rxe5 14. f3
Nxc3 15. Rxc3 Qg5 16. Qd2 Qg6 17. f4 Re4 18. Bc2 Bh3 19. Bxe4 dxe4 20. Rxh3 Qf6
21. Qc3 Qxf4 22. Rg3 g6 23. Qe3 Qf6 24. Qxe4 Qxb2 25. Qxc6 Rd8 26. Qf3 Qxa1 27.
Qf1 Qd4+ 28. Kh1 Qa4 29. Ra3 Qc2 30. Nc3 Qb2 31. Rb3 Qc2 32. h3 Rd3 33. Qa1 Rd2
34. Rb8+ Kh7 35. Nb1 g5 36. Nxd2 Qxd2 37. Qh8+ Kg6 38. Rg8+ Kh5 39. g4+ Kh4 40.
Qxh6+ Kg3 41. Qxg5 Qg2# 0-1

[Event "CYCC U10"]
[Site "Hamilton CAN"]
[Date "2022.07.09"]
[Round "3.20"]
[White "Lin, Austin"]
[Black "Yang, Larry"]
[Result "1-0"]
[WhiteElo "925"]
[BlackElo "764"]
[PlyCount "115"]
[EventDate "2022.07.08"]
[EventType "swiss"]
[EventRounds "7"]
[EventCountry "CAN"]

1. e4 c6 2. Nf3 d5 3. Nc3 dxe4 4. Nxe4 Bf5 5. Ng3 Bg6 6. h4 h6 7. Ne5 Nf6 8. h5
Bh7 9. Bc4 e6 10. Qe2 Qe7 11. d3 Nbd7 12. Bf4 O-O-O 13. Nxc6 Qc5 14. Qf3 Re8
15. Ba6 bxa6 16. Ne7+ Bxe7 17. Qa8+ Nb8 18. Qxb8+ Kd7 19. Qb7+ Kd8 20. b4 Qxb4+
21. Qxb4 Bxb4+ 22. Ke2 Nd5 23. Be5 Bc3 24. Bxc3 Nxc3+ 25. Kd2 Nd5 26. Rab1 Kc7
27. Rb3 Rb8 28. Ra3 Rb6 29. c4 Nb4 30. c5 Rc6 31. d4 Rb8 32. Rc1 Nd5 33. Ne2
Rb2+ 34. Ke1 Kd7 35. Ng1 Nf4 36. Nf3 f6 37. Rcc3 Nxg2+ 38. Kd1 Nf4 39. Kc1 Rxf2
40. Re3 Nd5 41. Reb3 Kc7 42. Nd2 Kc8 43. Kd1 g6 44. Nc4 Rh2 45. Nd6+ Kd8 46.
Rb8+ Kd7 47. Rh8 g5 48. Rxh7+ Ne7 49. Re3 Rc7 50. Rxh6 g4 51. Rh8 Rh3 52. Ke2
Rxe3+ 53. Kxe3 Nf5+ 54. Kf2 Nxd6 55. Rh7+ Kd8 56. Rxc7 Kxc7 57. cxd6+ Kxd6 58.
h6 1-0

[Event "CYCC U10"]
[Site "Hamilton CAN"]
[Date "2022.07.09"]
[Round "3.23"]
[White "Sriramulu, Krithik"]
[Black "Li, Ryan"]
[Result "0-1"]
[WhiteElo "937"]
[BlackElo "1110"]
[PlyCount "74"]
[EventDate "2022.07.08"]
[EventType "swiss"]
[EventRounds "7"]
[EventCountry "CAN"]

1. d4 d5 2. e3 Nf6 3. Nf3 Bg4 4. Nc3 e6 5. Be2 Nc6 6. O-O Bd6 7. h3 Bxf3 8.
Bxf3 O-O 9. Re1 Qe7 10. e4 dxe4 11. Nxe4 Nxe4 12. Bxe4 Rfd8 13. Bxc6 bxc6 14.
c3 c5 15. Be3 cxd4 16. Bxd4 c5 17. Qg4 cxd4 18. cxd4 Bb4 19. Re2 Qf6 20. a3
Rxd4 21. Qf3 Qxf3 22. gxf3 Bc5 23. b4 Bb6 24. Rc1 h6 25. Rec2 Rd3 26. Rc3 Rxc3
27. Rxc3 Rd8 28. a4 Rd2 29. a5 Bxf2+ 30. Kf1 Bd4 31. Rc8+ Kh7 32. b5 Ra2 33. a6
Ra5 34. Rb8 Bb6 35. Rc8 Rxb5 36. Ke2 Re5+ 37. Kd3 Re3+ 0-1

[Event "CYCC U10"]
[Site "Hamilton CAN"]
[Date "2022.07.09"]
[Round "3.24"]
[White "Zhang, Nathan"]
[Black "Zhuang, Samuel"]
[Result "0-1"]
[WhiteElo "813"]
[BlackElo "862"]
[PlyCount "59"]
[EventDate "2022.07.08"]
[EventType "swiss"]
[EventRounds "7"]
[EventCountry "CAN"]

1. e4 e5 2. Nf3 Nc6 3. Bc4 Bc5 4. c3 Nf6 5. d4 exd4 6. e5 Qe7 7. cxd4 Bb4+ 8.
Bd2 Ne4 9. O-O Nxd2 10. Nbxd2 O-O 11. Ne4 d6 12. a3 Ba5 13. Qc2 Bf5 14. Qb3
Bxe4 15. exd6 Qxd6 16. Ng5 Nxd4 17. Nxf7 Nxb3 18. Nxd6+ Kh8 19. Nf7+ Rxf7 20.
Bxf7 Nxa1 21. Rxa1 Rf8 22. Rd1 h6 23. Bh5 Bb6 24. Rd2 g6 25. Bd1 c6 26. Re2 Bd5
27. Bc2 Kg7 28. Re7+ Rf7 29. Re2 Bc4 30. Rd2 0-1

[Event "CYCC U10"]
[Site "Hamilton CAN"]
[Date "2022.07.09"]
[Round "4.1"]
[White "Ajith, Aayush"]
[Black "Marchand, Calix"]
[Result "0-1"]
[WhiteElo "1636"]
[BlackElo "1900"]
[PlyCount "58"]
[EventDate "2022.07.08"]
[EventType "swiss"]
[EventRounds "7"]
[EventCountry "CAN"]

1. d4 Nf6 2. Bf4 b6 3. Nf3 Bb7 4. e3 d6 5. Bd3 Nbd7 6. h3 Ne4 7. c4 f5 8. Nc3
Ndf6 9. d5 e5 10. dxe6 Nxc3 11. bxc3 g6 12. O-O Bg7 13. Nd4 Nh5 14. Qa4+ Kf8
15. Rac1 Qh4 16. Ne2 Qf6 17. Nd4 Nxf4 18. exf4 c5 19. Nf3 Bxf3 20. gxf3 Bh6 21.
Qc6 Rd8 22. Rfe1 Qe7 23. Qd5 Bxf4 24. Bxf5 Bxc1 25. Kf1 Bg5 26. Bg4 h5 27. f4
hxg4 28. fxg5 gxh3 29. Kg1 Kg7 0-1

[Event "CYCC U10"]
[Site "Hamilton CAN"]
[Date "2022.07.09"]
[Round "4.2"]
[White "Liu, Zachary"]
[Black "Zhu, Elber"]
[Result "1-0"]
[WhiteElo "1891"]
[BlackElo "1712"]
[PlyCount "85"]
[EventDate "2022.07.08"]
[EventType "swiss"]
[EventRounds "7"]
[EventCountry "CAN"]

1. e4 c5 2. Nf3 d6 3. d4 cxd4 4. Nxd4 Nf6 5. Nc3 a6 6. Bg5 e6 7. f4 Be7 8. Qf3
Nbd7 9. O-O-O Qc7 10. g4 h6 11. Bxf6 Bxf6 12. Kb1 Rb8 13. h4 b5 14. g5 Be7 15.
g6 Nf6 16. Bh3 b4 17. Nce2 Bd7 18. Rhg1 Rg8 19. Qg2 Qc8 20. gxf7+ Kxf7 21. Qg6+
Kf8 22. e5 Qe8 23. exf6 Qxg6 24. fxe7+ Kf7 25. Rxg6 Kxg6 26. Nxe6 Kf7 27. f5
Kxe7 28. N2f4 Bxe6 29. fxe6 g5 30. Nd5+ Kd8 31. e7+ Ke8 32. Nf6+ Kxe7 33. Nxg8+
Rxg8 34. Re1+ Kd8 35. hxg5 hxg5 36. Re3 Rf8 37. b3 Rh8 38. Bf5 Rh1+ 39. Kb2 Rf1
40. Bd3 Rg1 41. Bxa6 g4 42. Bb7 g3 43. Re2 1-0

[Event "CYCC U10"]
[Site "Hamilton CAN"]
[Date "2022.07.09"]
[Round "4.3"]
[White "Deshpande, Sarthak"]
[Black "Wu, Nicholas"]
[Result "1/2-1/2"]
[WhiteElo "1595"]
[BlackElo "1395"]
[PlyCount "73"]
[EventDate "2022.07.08"]
[EventType "swiss"]
[EventRounds "7"]
[EventCountry "CAN"]

1. d4 d5 2. c4 dxc4 3. e3 a6 4. Bxc4 e6 5. a4 Nf6 6. Nf3 c5 7. Nc3 Nc6 8. O-O
Be7 9. Re1 O-O 10. b3 Bd7 11. Ba3 cxd4 12. Bxe7 Qxe7 13. exd4 Na5 14. Rb1 Qb4
15. Qd3 Rac8 16. Ne5 b5 17. Nxd7 Nxd7 18. axb5 axb5 19. Nxb5 Nxc4 20. bxc4 Qxc4
21. Qxc4 Rxc4 22. Rec1 Rxc1+ 23. Rxc1 Rb8 24. Nc3 Nf6 25. f3 Rd8 26. Ne4 Nd5
27. Nc3 Nf4 28. Rd1 h6 29. g3 Ng6 30. Kf2 Ne7 31. g4 Nc6 32. d5 exd5 33. Rxd5
Rxd5 34. Nxd5 g5 35. Ke3 Kg7 36. Ke4 Kg6 37. Nc3 1/2-1/2

[Event "CYCC U10"]
[Site "Hamilton CAN"]
[Date "2022.07.09"]
[Round "4.4"]
[White "Dunikov, David"]
[Black "Gao, Heye"]
[Result "0-1"]
[WhiteElo "1337"]
[BlackElo "1521"]
[PlyCount "72"]
[EventDate "2022.07.08"]
[EventType "swiss"]
[EventRounds "7"]
[EventCountry "CAN"]

1. e4 e5 2. f4 d5 3. exd5 exf4 4. Nf3 Nf6 5. d4 Nxd5 6. Bc4 Nb6 7. Be2 Nd5 8.
O-O Bd6 9. c4 Ne3 10. Bxe3 fxe3 11. c5 Bf4 12. Bc4 O-O 13. Nc3 Bg4 14. h3 Bh5
15. Qd3 Nc6 16. Qf5 Bxf3 17. gxf3 Qxd4 18. Bd3 g6 19. Qe4 Rfe8 20. Qxd4 Nxd4
21. Nd5 e2 22. Rfb1 Nxf3+ 23. Kf2 e1=Q+ 24. Rxe1 Nxe1 25. Nxf4 Nxd3+ 26. Nxd3
Rad8 27. Nf4 Rd2+ 28. Kg3 Rxb2 29. Nd5 Re5 30. Nf6+ Kg7 31. Rf1 Rxc5 32. Ne4
Re5 33. Kf4 Rf5+ 34. Ke3 Rxf1 35. Ng3 Re1+ 36. Kf3 Rxa2 0-1

[Event "CYCC U10"]
[Site "Hamilton CAN"]
[Date "2022.07.09"]
[Round "4.5"]
[White "Jutras, Arnaud"]
[Black "Puri, Ryan"]
[Result "1/2-1/2"]
[WhiteElo "1263"]
[BlackElo "957"]
[PlyCount "71"]
[EventDate "2022.07.08"]
[EventType "swiss"]
[EventRounds "7"]
[EventCountry "CAN"]

1. c4 e6 2. Nf3 d5 3. d4 Nf6 4. g3 dxc4 5. Qa4+ Bd7 6. Qxc4 Bc6 7. Bg2 Nbd7 8.
O-O Nb6 9. Qc2 Be4 10. Qd1 Bd6 11. Nc3 Bc6 12. Re1 Nbd5 13. Nd2 Nxc3 14. Bxc6+
bxc6 15. bxc3 c5 16. e4 Be7 17. Nf3 cxd4 18. cxd4 O-O 19. Rb1 c5 20. Ba3 cxd4
21. Bxe7 Qxe7 22. Qxd4 Rfd8 23. Qb2 Rac8 24. Qb3 Qc5 25. Rb2 Qc3 26. Qxc3 Rxc3
27. Kg2 h6 28. e5 Nd5 29. Re4 Nb6 30. Rbb4 Rdd3 31. Ng1 Rd2 32. a4 Rcc2 33. Nh3
Rd5 34. Nf4 Ra5 35. Nd3 Ra2 36. Nb2 1/2-1/2

[Event "CYCC U10"]
[Site "Hamilton CAN"]
[Date "2022.07.09"]
[Round "4.6"]
[White "Mendes, Aaron Reeve"]
[Black "Ye, Oliver"]
[Result "1-0"]
[WhiteElo "2106"]
[BlackElo "999"]
[PlyCount "41"]
[EventDate "2022.07.08"]
[EventType "swiss"]
[EventRounds "7"]
[EventCountry "CAN"]

1. e4 e5 2. Nf3 Nc6 3. d4 exd4 4. Nxd4 Nxd4 5. Qxd4 Qe7 6. Nc3 Qd6 7. Nd5 c6 8.
Bf4 Qc5 9. Nc7+ Kd8 10. Qxc5 Bxc5 11. Nxa8 d6 12. O-O-O h6 13. Bxd6 Bxd6 14.
Rxd6+ Bd7 15. Bb5 cxb5 16. Rhd1 Nf6 17. e5 Ne4 18. Rxd7+ Kc8 19. Nc7 Nxf2 20.
R1d4 Rf8 21. Na6 1-0

[Event "CYCC U10"]
[Site "Hamilton CAN"]
[Date "2022.07.09"]
[Round "4.7"]
[White "Li, Triston"]
[Black "Naiboglu, Onur"]
[Result "1-0"]
[WhiteElo "1533"]
[BlackElo "985"]
[PlyCount "93"]
[EventDate "2022.07.08"]
[EventType "swiss"]
[EventRounds "7"]
[EventCountry "CAN"]

1. e4 e5 2. Nf3 Nc6 3. Nc3 Nf6 4. d4 exd4 5. Nxd4 Bb4 6. Nxc6 dxc6 7. Qxd8+
Kxd8 8. Bg5 h6 9. O-O-O+ Ke7 10. Bxf6+ gxf6 11. Ne2 Be6 12. a3 Bc5 13. Nd4 Rad8
14. c3 Bd6 15. g3 Bc5 16. Be2 Bxd4 17. cxd4 f5 18. e5 Bb3 19. Rd2 c5 20. dxc5
Rxd2 21. Kxd2 Rd8+ 22. Kc3 Be6 23. Rd1 Rd5 24. Rxd5 Bxd5 25. Kd4 Bc6 26. Bc4 a6
27. Bd5 Bxd5 28. Kxd5 c6+ 29. Kc4 a5 30. b4 axb4 31. Kxb4 Ke6 32. Ka5 Kxe5 33.
Kb6 Kd5 34. a4 Kc4 35. a5 Kb4 36. Kxb7 Kxc5 37. a6 Kb5 38. a7 c5 39. a8=Q c4
40. Qa1 Kb4 41. Kc6 Kb3 42. Qc1 c3 43. Kd5 f4 44. Kd4 fxg3 45. Qxc3+ Ka4 46.
Kc5 gxf2 47. Qb4# 1-0

[Event "CYCC U10"]
[Site "Hamilton CAN"]
[Date "2022.07.09"]
[Round "4.8"]
[White "Allahverdi, Umid"]
[Black "Lin, Austin"]
[Result "1-0"]
[WhiteElo "1443"]
[BlackElo "925"]
[PlyCount "101"]
[EventDate "2022.07.08"]
[EventType "swiss"]
[EventRounds "7"]
[EventCountry "CAN"]

1. e4 e5 2. Nf3 Nf6 3. Nxe5 Nc6 4. Nxc6 dxc6 5. Nc3 Bc5 6. Be2 h5 7. d3 Ng4 8.
O-O Qh4 9. Bxg4 hxg4 10. Bf4 Bd6 11. e5 Be7 12. d4 Bg5 13. Bg3 Qh5 14. d5 Bh4
15. Qd3 Bf5 16. Qe3 cxd5 17. Nxd5 O-O-O 18. Nf4 Qh6 19. Qxa7 Bxg3 20. Qa8+ Kd7
21. Rad1+ Ke7 22. Qa3+ Ke8 23. Qxg3 c6 24. Rxd8+ Kxd8 25. Rd1+ Kc8 26. c3 g5
27. Ne2 Bc2 28. Rd6 Qh5 29. Nd4 Bb1 30. e6 fxe6 31. Nxe6 Qh7 32. Nxg5 Qf5 33.
Ne6 Qh7 34. Rd1 Bxa2 35. Nc5 Rg8 36. Qd6 Bd5 37. Ra1 Ba2 38. Na4 b5 39. Qxc6+
Kd8 40. Qa8+ Ke7 41. Qb7+ Ke6 42. Qxh7 Rd8 43. Nc5+ Kd6 44. Nb7+ Ke6 45. Nxd8+
Kf6 46. Rxa2 g3 47. Ra6+ Ke5 48. Qg7+ Kf5 49. Qf6+ Ke4 50. Qf3+ Ke5 51. Re6#
1-0

[Event "CYCC U10"]
[Site "Hamilton CAN"]
[Date "2022.07.09"]
[Round "4.9"]
[White "Chen, Yuxuan"]
[Black "Justason, Magnus"]
[Result "1-0"]
[WhiteElo "1043"]
[BlackElo "1336"]
[PlyCount "119"]
[EventDate "2022.07.08"]
[EventType "swiss"]
[EventRounds "7"]
[EventCountry "CAN"]

1. e4 e5 2. f4 exf4 3. Nf3 d5 4. exd5 Nf6 5. Nc3 c6 6. dxc6 Nxc6 7. d4 Bg4 8.
Bxf4 Bxf3 9. Qxf3 Nxd4 10. Qe3+ Be7 11. O-O-O Ng4 12. Qxd4 Qxd4 13. Rxd4 Bf6
14. Bb5+ Kf8 15. Bd6+ Kg8 16. Rxg4 h5 17. Rg3 a6 18. Ne4 Bh4 19. Rh3 Bd8 20.
Bd3 Rh6 21. Ba3 Bc7 22. Rf1 Rb8 23. Rhf3 f6 24. b3 b5 25. h3 b4 26. Bc4+ Kh7
27. Bb2 a5 28. Nxf6+ gxf6 29. Rxf6 Rxf6 30. Rxf6 Bg3 31. Kb1 Bh4 32. Rf7+ Kg6
33. Rg7+ Kf5 34. g4+ hxg4 35. hxg4+ Kf4 36. Bc1+ Kg3 37. g5 Re8 38. Ra7 Re1 39.
Rxa5 Kg4 40. Kb2 Bf2 41. Bd2 Bd4+ 42. c3 bxc3+ 43. Bxc3 Bxc3+ 44. Kxc3 Re7 45.
g6 Rg7 46. Bf7 Kf4 47. b4 Ke4 48. b5 Ke5 49. b6+ Kd6 50. b7 Kc7 51. Rb5 Kb8 52.
a4 Rxf7 53. gxf7 Kc7 54. b8=Q+ Kd7 55. f8=Q Ke6 56. a5 Kd7 57. a6 Ke6 58. a7
Kd7 59. a8=Q Ke6 60. Qd5# 1-0